000 00902nam a22002897a 4500
001 BR2017003331
003 BR-BrBNA
005 20230928105213.0
007 ta
008 230509b bl.||||| |||| 00| 0 por d
040 _aBR-BrBNA
_bpor
_cBiblioteca Nacional de Agricultura
041 _a(Por)
072 _aP01
090 _ P01 BR2017003331
110 1 _aMinistério de Meio Ambiente, Brasília, DF (Brasil). Secretaria de Biodiversidade e Florestas
_97472
245 1 _aTerceiro relatório nacional para a conservação sobre diversidade biológica
_bBiodiversidade 21
260 3 _aBrasília, DF (Brasil):
_c2006.
300 _a367 p.
650 _aBIODIVERSIDADE
650 _aCOOPERAÇÃO INTERNACIONAL
650 _aTURISMO
650 _aCONSERVAÇÃO
650 _aPRESERVAÇÃO DA NATUREZA
650 _aMEIO AMBIENTE
909 _a202309
_bLucia
_c55
_dLucia Elande
942 _cBK
999 _c84006
_d84006